| 000 | 00000nam##2200000za#4500 |
| 001 | 9.603983 |
| 003 | CaOODSP |
| 005 | 20210624211339 |
| 007 | cr ||||||||||| |
| 008 | 150406|1990||||xxc|||||o f|0| 0 fre|d |
| 022 | |a1488-545X |
| 040 | |aCaOODSP|bfre |
| 043 | |an-cn--- |
| 086 | 1 |aFs97-6/1757F-PDF |
| 110 | 1 |aCanada.|bMinistère des pêches et des océans.|bDirection de la gestion de l'habitat du poisson. |
| 245 | 10|aDistribution annuelle et caractérisation préliminaire des habitats du béluga (Delphinapterus leucas) du Saint-Laurent / |h[ressource électronique]|cpar R. Michaud ... [et al.]. |
| 260 | |aQuébec - Québec : |bPêches et Océans Canada. |cSeptembre 1990. |
| 300 | |a40p.|bcartes, références, tableaux |
| 490 | 1 |aRapport technique canadien des sciences halieutiques et aquatiques|x1488-545X|vN° 1756 [i.e. 1757] |
| 500 | |aLe n° de catalogue (Fs97-6/1756F) et l'ISSN (0706-6570) de l'édition imprimée ont été incorrectement copiés dans l'édition électronique. |
| 546 | |a(Abstract in English) |
| 590 | |a12-23-Supp|b2012-05-28 |
| 720 | 1 |aMichaud, R. |
| 775 | 08|tAnnual distribution and preliminary characterization of beluga (Delphinapterus leucas) habitats in the St. Lawrence / |w(CaOODSP)9.573753 |
| 776 | 0#|tDistribution annuelle et caractérisation préliminaire des habitats du béluga (Delphinapterus leucas) du Saint-Laurent / |w(CaOODSP)9.620923 |
| 830 | #0|aRapport technique canadien des sciences halieutiques et aquatiques,|x1488-545X|vN° 1756 [i.e. 1757]|w(CaOODSP)9.500867 |
| 856 | 40|ahttp://publications.gc.ca|qPDF|s1.91 Mo|uhttps://publications.gc.ca/collections/collection_2012/mpo-dfo/Fs97-6-1757-fra.pdf|yN° 1756 [i.e. 1757] |